000 00699nam a2200229Ia 4500
005 20230320091950.0
008 140110s9999 xx 000 0 und d
020 _a9780140432404
_cRs 250
040 _aLoreto College
041 _aEnglish
082 _a822.6
_bSHE
100 _aSheridan, Richard Brinsley
245 4 _aThe school for scandal and other plays
_bThe Rivals; The Critic; The School for Scandal
_cEdited with an introduction and notes by Eric Rump
260 _aLondon
_bPenguin Books
_c1988
300 _a284p
440 _aPenguin Classics
650 _aDrama-Eighteenth Century
651 _aEnglish Drama
700 _aRump, Eric S., ed
850 _aLCLIB
942 _cBK
999 _c19166
_d69645